La Reina Pirata /
La capitana Maga y los feroces piratas navegan en "La Reina Pirata" y encuentran tesoros maravillosos. Pero Maga resulta herida y...¿podrá curarla la gran mamá-maga?
Guardado en:
| Autor Principal: | |
|---|---|
| Otros Autores: | |
| Formato: | Libro |
| Idioma: | Undetermined |
| Publicado: |
Madrid :
SM,
1999.
|
| Edición: | 6a ed. |
| Series: | El barco de vapor. Los piratas
8 |
| Materias: | |
| Etiquetas: |
Agregar Etiqueta
Sin Etiquetas, Sea el primero en etiquetar este registro!
|
| LEADER | 00872nam a22002415a 4500 | ||
|---|---|---|---|
| 001 | CEM.cems020772 | ||
| 008 | 240215s1999####sp############000#0#und#d | ||
| 005 | 20240215143917.0 | ||
| 245 | 1 | 0 | |a La Reina Pirata / |c Marianne Macdonald ; ilustrado por Jan Smith. |
| 250 | |a 6a ed. | ||
| 260 | |a Madrid : |b SM, |c 1999. | ||
| 300 | |a 32 p. | ||
| 490 | 1 | |a El barco de vapor. Los piratas | |
| 490 | 1 | |a 8 | |
| 500 | |a Para empezar a leer. | ||
| 520 | |a La capitana Maga y los feroces piratas navegan en "La Reina Pirata" y encuentran tesoros maravillosos. Pero Maga resulta herida y...¿podrá curarla la gran mamá-maga? | ||
| 020 | |a 8434860775 | ||
| 100 | 1 | |a Macdonald, Marianne. | |
| 700 | 1 | |a Smith, Jan; il. | |
| 653 | |a Literatura canadiense | ||
| 653 | |a Novela infantil | ||
| 653 | |a Literatura infantil | ||
| 859 | |a CEMS |b BIB. CEMS - Inicial y Primaria |h 819.154 |i M145 |k IP |p 2829 |t Ej. 1 | ||
